Kraje uznające niepodległość Kosowa - Statystyki

Ogólne statystyki
  • Ten quiz został rozwiązany 149 razy
  • Średni wynik to 44 z 101
Statystyki odpowiedzi
Nazwa kraju % Poprawnych
Polska
96%
Niemcy
87%
Stany Zjednoczone
83%
Francja
76%
Kanada
74%
Albania
70%
Norwegia
70%
Wielka Brytania
70%
Irlandia
68%
Litwa
68%
Szwecja
68%
Finlandia
67%
Austria
66%
Belgia
66%
Dania
66%
Estonia
66%
Łotwa
66%
Turcja
66%
Holandia
65%
Bułgaria
63%
Chorwacja
63%
Japonia
63%
Czechy
62%
Słowenia
62%
Andora
61%
Australia
61%
Egipt
61%
Islandia
61%
Macedonia Północna
61%
Portugalia
61%
Szwajcaria
61%
Włochy
61%
Czarnogóra
59%
Luksemburg
59%
Węgry
59%
Korea Południowa
58%
Nowa Zelandia
54%
San Marino
54%
Liechtenstein
52%
Arabia Saudyjska
50%
Oman
49%
Afganistan
48%
Kolumbia
48%
Jemen
47%
Zjednoczone Emiraty Arabskie
47%
Pakistan
46%
Monako
45%
Malta
44%
Peru
43%
Kuwejt
40%
Malezja
40%
Dominikana
39%
Katar
39%
Tajlandia
39%
Libia
38%
Niger
37%
Panama
37%
Jordania
35%
Singapur
35%
Bangladesz
34%
Haiti
34%
Honduras
34%
Bahrajn
33%
Kostaryka
33%
Gujana
28%
Salwador
28%
Senegal
28%
Belize
27%
Togo
27%
Brunei
26%
Fidżi
26%
Barbados
25%
Malediwy
25%
Samoa
25%
Czad
24%
Timor Wschodni
24%
Kiribati
23%
Tuvalu
23%
Mikronezja
22%
Tanzania
22%
Wybrzeże Kości Słoniowej
22%
Burkina Faso
21%
Ghana
21%
Vanuatu
21%
Antigua i Barbuda
20%
Gambia
20%
Gwinea
20%
Saint Kitts i Nevis
20%
Saint Lucia
20%
Somalia
20%
Wyspy Marshalla
20%
Wyspy Salomona
20%
Benin
19%
Tonga
19%
Gwinea Bissau
18%
Dżibuti
17%
Gabon
17%
Mauretania
17%
Sierra Leone
15%
Eswatini
13%
Malawi
13%
Nie znaleziono quizów pasujących do podanych kryteriów
Rozkład punktacji
Procent ludzi z każdym wynikiem
Percentyl według liczby udzielonych odpowiedzi
Twoja historia wyników
Nie rozwiązałeś tego quizu